000 00283nam a2200109Ia 4500
008 201210s9999 xx 000 0 und d
100 _aFeibes, Walter
245 0 _aIntroduction To Finite Mathematics
260 _aCalifornia
_bHamilton Publishing Company
300 _a290
942 _cBK
999 _c5238
_d5238